| 000 | 00628nam a2200193Ia 4500 | ||
|---|---|---|---|
| 005 | 20240530103958.0 | ||
| 008 | 140319s1956 xx 000 0 ara d | ||
| 040 |
_aGCL / _cGCL |
||
| 082 | 0 | 4 |
_a509.63 / _bع ع |
| 100 | 1 | _aعزالدين فراج | |
| 245 | 1 | 0 |
_aالعلم والحياة / _cعزالدين فراج |
| 260 |
_aالقاهرة : _bلجنة البيان العربى ، _c1956 |
||
| 300 |
_a137ص؛ _b20 سم |
||
| 490 |
_aالالف كتاب _v( 20 ) |
||
| 650 | 0 | 4 | _aالزراعة |
| 650 | 0 | 4 | _aالاختراعات العلمية |
| 942 |
_2ddc _cBK |
||
| 999 |
_c43880 _d43880 |
||